LEADER 01190nam0 2200337 i 450 001 UFI0572283 005 20231121125909.0 010 $a8814160147 020 $aIT$b2011-5555 100 $a20120607d2011 ||||0itac50 ba 101 | $aita 102 $ait 181 1$6z01$ai $bxxxe 182 1$6z01$an 200 1 $aCodice dei trasporti$fLeopoldo Tullio, Massimo Deiana 210 $aMilano$cGiuffrè$d2011 215 $aXXII, 1516 p.$d25 cm. 225 | $a˜Le œfonti del diritto italiano 410 0$1001RAV0188497$12001 $a˜Le œfonti del diritto italiano 606 $aTrasporti$xLegislazione$2FIR$3CFIC119751$9I 676 $a343.45093$9$v21 700 1$aTullio$b, Leopoldo$3CFIV040510$0132939 701 1$aDeiana$b, Massimo$3TO0V159596$0237215 801 3$aIT$bIT-01$c20120607 850 $aIT-FR0098 899 $aBiblioteca Area Giuridico Economica$bFR0098 912 $aUFI0572283 950 0$aBiblioteca Area Giuridico Economica$d 53ATENE COD 148$e 53 0000140565 VMN A4 $fA $h20120607$i20120607 977 $a 53 996 $aCodice dei trasporti$93642020 997 $aUNICAS LEADER 04614oas 2201609 a 450 001 9910141540603321 005 20251106213014.0 011 $a1460-9576 035 $a(DE-599)ZDB2094799-9 035 $a(DE-599)2094799-9 035 $a(OCoLC)51091171 035 $a(CONSER) 2006233050 035 $a(CKB)110975506071249 035 $a(EXLCZ)99110975506071249 100 $a20021127b19932018 sy a 101 0 $aeng 135 $aurmnu|||||||| 181 $ctxt$2rdacontent 182 $cc$2rdamedia 183 $acr$2rdacarrier 200 00$aReproductive health matters 210 $aLondon $cReproductive Health Matters$d1993- 210 3 $a[London] $cTaylor & Francis 300 $aRefereed/Peer-reviewed 300 $aTitle from contents screen (ScienceDirect, viewed January 4, 2006). 311 08$a0968-8080 531 1 $aReprod. health matters 606 $aGynecology$xSocial aspects$vPeriodicals 606 $aObstetrics$xSocial aspects$vPeriodicals 606 $aWomen's health services$vPeriodicals 606 $aWomen$xHealth and hygiene$vPeriodicals 606 $aHuman reproduction$xSocial aspects$vPeriodicals 606 $aReproduction 606 $aReproductive Medicine 606 $aWomen's Health 606 $aWomen's Rights 606 $aObste?trique$xAspect social$vPe?riodiques 606 $aReproduction humaine$xAspect social$vPe?riodiques 606 $aSante? de la reproduction 606 $aFemmes$xSante? et hygie?ne 606 $aFemmes$xDroits 606 $aGynecology$xSocial aspects$2fast$3(OCoLC)fst00949705 606 $aHuman reproduction$xSocial aspects$2fast$3(OCoLC)fst00963251 606 $aObstetrics$xSocial aspects$2fast$3(OCoLC)fst01043018 606 $aWomen$xHealth and hygiene$2fast$3(OCoLC)fst01176758 606 $aWomen's health services$2fast$3(OCoLC)fst01178737 606 $aReproduktionsmedizin$2gnd 606 $aGesundheit$2gnd 606 $aFrau$2gnd 606 $aReproduction humaine$2rasuqam 606 $aGyne?cologie$2rasuqam 606 $aObste?trique$2rasuqam 606 $aSante? de la femme$2rasuqam 608 $aPeriodical. 608 $aCzasopismo socjologiczne.$2dbn 608 $aPeriodicals.$2fast 608 $aPeriodicals.$2lcgft 608 $aPe?riodique e?lectronique (Descripteur de forme)$2rasuqam 608 $aRessource Internet (Descripteur de forme)$2rasuqam 608 $aZeitschrift$2swd 608 $aOnline-Publikation$2swd 615 0$aGynecology$xSocial aspects 615 0$aObstetrics$xSocial aspects 615 0$aWomen's health services 615 0$aWomen$xHealth and hygiene 615 0$aHuman reproduction$xSocial aspects 615 2$aReproduction. 615 2$aReproductive Medicine. 615 2$aWomen's Health. 615 2$aWomen's Rights. 615 6$aObste?trique$xAspect social 615 6$aReproduction humaine$xAspect social 615 6$aSante? de la reproduction. 615 6$aFemmes$xSante? et hygie?ne. 615 6$aFemmes$xDroits. 615 7$aGynecology$xSocial aspects. 615 7$aHuman reproduction$xSocial aspects. 615 7$aObstetrics$xSocial aspects. 615 7$aWomen$xHealth and hygiene. 615 7$aWomen's health services. 615 7$aReproduktionsmedizin 615 7$aGesundheit 615 7$aFrau 615 7$aReproduction humaine. 615 7$aGyne?cologie. 615 7$aObste?trique. 615 7$aSante? de la femme. 676 $a613.04244 801 0$bINT 801 1$bINT 801 2$bOCLCQ 801 2$bVAM 801 2$bHUA 801 2$bOCLCQ 801 2$bGUA 801 2$bFQM 801 2$bEYM 801 2$bUQ1 801 2$bSERSO 801 2$bOCLCQ 801 2$bOCLCO 801 2$bOPELS 801 2$bOCLCF 801 2$bOCLCO 801 2$bVT2 801 2$bOCLCQ 801 2$bOCLCO 801 2$bOCLCQ 801 2$bDEFHM 801 2$bOCLCO 801 2$bOCLCA 801 2$bNLE 801 2$bDLC 801 2$bBUF 801 2$bDLC 801 2$bAU@ 801 2$bOCLCO 801 2$bWYU 801 2$bUKMGB 801 2$bU3W 801 2$bAUD 801 2$bNLM 801 2$bSFB 801 2$bOCLCO 801 2$bOCLCQ 801 2$bOCLCO 801 2$bOCLCQ 801 2$bYWS 801 2$bQGK 801 2$bORU 801 2$bOCLCL 801 2$bOCLCA 801 2$bOCLCQ 906 $aJOURNAL 912 $a9910141540603321 996 $aReproductive health matters$92047586 997 $aUNINA